[Event "DOM-chT"]
[Site "Santiago de los Caballeros"]
[Date "2017.08.17"]
[Round "1.2"]
[White "Feliz Dotel, Dewar Bienvenido"]
[Black "Salcedo, Jose Miguel"]
[Result "1-0"]
[WhiteElo "2081"]
[BlackElo "1835"]
[PlyCount "117"]
[EventDate "2017.08.17"]
[EventType "team-swiss"]
[EventRounds "6"]
[EventCountry "DOM"]
[SourceTitle "EXT 2019"]
[Source "ChessBase"]
[SourceDate "2018.10.10"]
[SourceVersion "1"]
[SourceVersionDate "2018.10.10"]
[SourceQuality "1"]
[WhiteTeam "Santiago de los Caballeros"]
[BlackTeam "Hermanas Mirabal"]
[WhiteTeamCountry "DOM"]
[BlackTeamCountry "DOM"]

1. Nf3 d5 2. c4 e6 3. g3 b6 4. cxd5 exd5 5. Bg2 Nf6 6. 0-0 Bb7 7. b3 Be7 8. Bb2 0-0 9. d3 c5 10. Nbd2 Nc6 11. d4 Ne4 12. dxc5 Bxc5 13. a3 a5 14. e3 Re8 15. Nxe4 dxe4 16. Nd2 f5 17. g4 Ne5 18. gxf5 Qg5 19. Bxe5 Rxe5 20. b4 axb4 21. axb4 Bf8 22. Rxa8 Bxa8 23. Qa1 Re8 24. Qd4 Qxf5 25. Qxb6 Re6 26. Qa5 Bd5 27. f3 Qg5 28. f4 Qf5 29. Nc4 Re8 30. Rd1 Be6 31. Qxf5 Bxf5 32. b5 Be6 33. Ne5 Bc5 34. Kf2 Rf8 35. Ke2 Rb8 36. Rb1 Bf5 37. Kf2 Kf8 38. Rb2 Ke8 39. Bf1 Bd7 40. Bc4 Ke7 41. Nxd7 Kxd7 42. Bd5 Rf8 43. Ke2 Kc7 44. Bxe4 Re8 45. Kf3 Kb6 46. Rb3 h6 47. h4 Re7 48. h5 Rf7 49. Bd3 Rf6 50. Rb2 Kc7 51. Rg2 Rf7 52. Rg6 Bb6 53. Be4 Ba5 54. b6+ Kb8 55. Re6 Rf8 56. Re7 Rd8 57. Rxg7 Kc8 58. Rc7+ Kb8 59. Ra7 1-0